Computer-assisted practice set and problems to accompany Intermediate accounting

Salvato in:
Dettagli Bibliografici
Autori principali: Perkins, James H (Autore), Kieso, Donald E (Autore), Weygandt, Jerry J (Autore)
Natura: Libro
Lingua:inglese
Pubblicazione: Nueva York John Wiley 1983
Edizione:4a. ed
Soggetti:
Tags: Aggiungi Tag
Nessun Tag, puoi essere il primo ad aggiungerne!!

MARC

LEADER 00000nam a2200000 a 4500
001 UCQ0305
003 CL-VaPUC
008 980627e19830000US |||||||||||||||||eng|d
082 0 4 |a 657.044  |b PER  |2 21 
100 0 |a Perkins, James H  |e author  |9 413506 
700 |a Kieso, Donald E  |e author  |9 413507 
700 0 |a Weygandt, Jerry J  |e author  |9 413508 
245 1 0 |a Computer-assisted practice set and problems to accompany Intermediate accounting 
250 |a 4a. ed 
300 |a 118 p 
942 |c BK 
945 |d 19980627 00:00:00  |a cmena 
260 |a Nueva York  |b John Wiley  |c 1983 
650 0 |a Contabilidad   |9 261430 
650 0 |a Administración financiera  |9 261146 
650 7 |a DESARROLLO  |2 CL-VaPUC  |9 258144 
650 0 |a Procesos  |9 256376 
650 0 |a Estados de cuentas  |9 352305 
650 0 |a Valor  |9 323720 
650 0 |a Moneda  |9 342365 
650 0 |a Costos   |9 261063 
583 |a last modification  |c 19980627 00:00:00  |k Rodrigo Vera 
999 |c 271444  |d 271442 
952 |0 0  |1 0  |4 0  |6 657_044000000000000_PER_1983  |7 0  |8 P  |9 306096  |a BIBGIM  |b BIBGIM  |d 2019-11-20  |i 1428225  |o 657.044 PER 1983  |p 1428225  |r 2025-01-15  |w 2019-11-20  |y BK  |k COM 
952 |0 0  |1 0  |4 0  |6 657_044000000000000_PER_1983  |7 0  |8 P  |9 306097  |a BIBGIM  |b BIBGIM  |d 2019-11-20  |i 1428233  |o 657.044 PER 1983  |p 1428233  |r 2025-01-15  |w 2019-11-20  |y BK  |k COM